|
|
|
|
| LEADER |
00000nam0a2200000 4500 |
| 001 |
281754 |
| 005 |
20231101235431.0 |
| 020 |
|
|
|a RU
|b 84-70617
|
| 035 |
|
|
|a (RuTPU)RU\TPU\book\305600
|
| 090 |
|
|
|a 281754
|
| 100 |
|
|
|a 20150126d1984 km y0rusy5003 ca
|
| 101 |
0 |
|
|a rus
|
| 102 |
|
|
|a RU
|
| 105 |
|
|
|a a z 001zy
|
| 200 |
1 |
|
|a Механизированные крепи и их развитие
|f А. В. Докукин, Ю. А. Коровкин, Н. И. Яковлев
|
| 210 |
|
|
|a Москва
|c Недра
|d 1984
|
| 215 |
|
|
|a 288 с.
|c ил.
|
| 320 |
|
|
|a Библиогр.: с. 285-286
|
| 606 |
1 |
|
|a Механизированные передвижные крепи
|2 stltpush
|3 (RuTPU)RU\TPU\subj\43518
|9 63008
|
| 610 |
1 |
|
|a рудничное крепление передвижное
|
| 610 |
1 |
|
|a методы
|
| 610 |
1 |
|
|a оценка
|
| 610 |
1 |
|
|a классификация
|
| 610 |
1 |
|
|a кровли
|
| 610 |
1 |
|
|a очистные забои
|
| 610 |
1 |
|
|a способы
|
| 610 |
1 |
|
|a средства
|
| 610 |
1 |
|
|a исследование
|
| 610 |
1 |
|
|a механизированные крепи
|
| 610 |
1 |
|
|a параметры
|
| 610 |
1 |
|
|a сложные горно-геологические условия
|
| 675 |
|
|
|a 622.285
|z rus
|v 3
|
| 700 |
|
1 |
|a Докукин
|b А. В.
|g Александр Викторович
|4 070
|
| 701 |
|
1 |
|a Коровкин
|b Ю. А.
|g Юрий Алексеевич
|
| 701 |
|
1 |
|a Яковлев
|b Н. И.
|g Николай Ильич
|
| 801 |
|
0 |
|a RU
|b RuMRKP
|c 19950704
|g psbo
|
| 801 |
|
1 |
|a RU
|b 63413507
|c 20150126
|
| 801 |
|
2 |
|a RU
|b 63413507
|c 20170206
|g RCR
|
| 942 |
|
|
|c BK
|